Statistics for 「阳」市地图

Click here to take the quiz!

General Stats

  • This quiz has been taken 5 times
  • The average score is 21 of 33

Answers on the Map

Answers color-coded by a green-red scale on the quiz's map according to % correct below.
 

Answer Stats

Answer% Correct
Chaoyang
朝阳
100%
Dangyang, Yichang
当阳,宜昌
100%
Danyang, Zhenjiang
丹阳,镇江
100%
Deyang
德阳
67%
Dongyang, Jinhua
东阳,金华
67%
Fenyang, Lüliang
汾阳,吕梁
67%
Fuyang
阜阳
67%
Guiyang
贵阳
67%
Haiyang, Yantai
海阳,烟台
67%
Jianyang, Chengdu
简阳,成都
67%
Jieyang
揭阳
67%
Laiyang, Yantai
莱阳,烟台
67%
Liuyang, Changsha
浏阳,长沙
67%
Liyang, Changzhou
溧阳,常州
67%
Luoyang
洛阳
67%
Nanyang
南阳
67%
Puyang
濮阳
67%
Qingyang
庆阳
67%
Qinyang, Jiaozuo
沁阳,焦作
67%
Shaoyang
邵阳
67%
Shenyang
沈阳
67%
Xiangyang
襄阳
67%
Xianyang
咸阳
67%
Xingyang, Zhengzhou
荥阳,郑州
67%
Xinyang
信阳
67%
Yueyang
岳阳
67%
Zaoyang, Xiangyang
枣阳,襄阳
67%
Hengyang
衡阳
33%
Leiyang, Hengyang
耒阳,衡阳
33%
Liaoyang
辽阳
33%
Mianyang
绵阳
33%
Yiyang
益阳
33%
Ziyang
资阳
33%

Score Distribution

Percentile by Number Answered

Percent of People with Each Score

Your Score History

You have not taken this quiz